[Event "Back 4 More"]
[Site "http://www.queenalice.com/game.php?id=891721"]
[Date "2011.1.26"]
[Round "-"]
[White "lifes2short"]
[Black "Timinator"]
[Result "1-0"]
[WhiteElo "1496"]
[BlackElo "1458"]

1. d4 d5 2. e3 Nf6 3. c4 b6 4. cxd5 Qxd5 5. Nc3 Qc6 6. Bb5 Bd7 7. Bxc6 Bxc6 8.
Nf3 h6 9. Ne5 Bxg2 10. Qa4+ Nfd7 11. Rg1 Bh3 12. Nd5 Kd8 13. Nxf7+ Kc8 14. Nxh8
Be6 15. Nf4 Bg8 16. Nfg6 Nf6 17. Nxf8 Kb7 18. Rxg7 Nc6 19. Nhg6 e5 20. Bd2 Bd5
21. Rc1 a6 22. dxe5 Ne4 23. Rd7 Nc5 24. Rxc5 bxc5 25. Rxd5 Rd8 26. Rxc5 Nb8 27.
e6 Rd6 28. e7 Kb6 29. Qb4+ Ka7 30. Rxc7+ Ka8 31. Qb7# 1-0

[Event "Oreo with Double Stuff"]
[Site "http://www.queenalice.com/game.php?id=897950"]
[Date "2011.2.9"]
[Round "-"]
[White "lifes2short"]
[Black "GreatDarkSpot"]
[Result "0-1"]
[WhiteElo "1536"]
[BlackElo "1405"]

1. e4 e5 2. d4 d6 3. d5 f5 4. f4 exf4 5. exf5 Bxf5 6. Bxf4 g5 7. Be3 g4 8. Qe2
h5 9. Bg5+ Ne7 10. Bh4 Bg7 11. c3 Kf8 12. Na3 Qd7 13. Rd1 Kf7 14. Qe3 Bh6 15.
Bg5 Nxd5 16. Rxd5 Re8 17. Rxf5+ Qxf5 18. Bc4+ d5 19. Qxe8+ Kxe8 20. Bb5+ c6 21.
Bxh6 cxb5 22. Nxb5 Qe6+ 23. Ne2 Qxh6 24. O-O Qd2 25. Ng3 Qxb2 26. Nd6+ Kd7 27.
Ndf5 Qxa2 28. Nxh5 Kc7 29. Nf6 b5 30. Nxg4 a5 31. h4 b4 32. Rf2 Qb1+ 33. Kh2
bxc3 34. Nd4 a4 35. Ne3 Nc6 36. Nxd5+ Kd6 37. Nxc3 Qe1 38. Rf6+ Kc5 39. Nf3 Qxc3
40. Rf4 a3 41. g4 a2 42. g5 a1=Q 43. Kg3 Ne5 44. Rf5 Re8 45. h5 Qa4 0-1

[Event "The Brother Leader is falling"]
[Site "http://www.queenalice.com/game.php?id=903978"]
[Date "2011.2.22"]
[Round "-"]
[White "GreatDarkSpot"]
[Black "lifes2short"]
[Result "1-0"]
[WhiteElo "1428"]
[BlackElo "1515"]

1. e4 e5 2. f4 exf4 3. Nf3 d6 4. Nc3 f5 5. d3 g5 6. g3 Bd7 7. h4 g4 8. Ng5 h6 9.
Bxf4 hxg5 10. Bxg5 Be7 11. Bxe7 Qxe7 12. Qe2 Nc6 13. O-O-O O-O-O 14. Nd5 Qf7 15.
d4 Nf6 16. Nxf6 Qxf6 17. c3 Qf7 18. Qe3 Qxa2 19. d5 Qa1+ 20. Kc2 Qa4+ 21. Kd2
Rhe8 22. dxc6 Qxc6 23. Qxa7 Be6 24. exf5 Qxh1 25. Qa8+ Kd7 26. Bb5+ Qc6 27.
Bxc6+ bxc6 28. fxe6+ Kxe6 29. Qxc6 1-0

[Event "Quoth the Raven, Nevermore"]
[Site "http://www.queenalice.com/game.php?id=908324"]
[Date "2011.3.4"]
[Round "-"]
[White "GreatDarkSpot"]
[Black "lifes2short"]
[Result "0-1"]
[WhiteElo "1444"]
[BlackElo "1507"]

1. e4 e5 2. f4 exf4 3. Nf3 c6 4. d4 f6 5. Bxf4 d6 6. h3 h6 7. Bd3 g5 8. Be3 Ne7
9. O-O Be6 10. g4 Nd7 11. c3 Bg7 12. a4 Qc7 13. a5 d5 14. b4 Qg3+ 15. Kh1 Qxh3+
16. Kg1 Qxg4+ 17. Kf2 Qh5 18. Rh1 Qf7 19. Nbd2 O-O-O 20. a6 b6 21. Rh2 Rdg8 22.
exd5 Nxd5 23. Qe1 Nxc3 24. Rc1 Nd5 25. Rxc6+ Nc7 26. Qc1 Nb8 27. Rc3 Nxa6 28.
Bxa6+ Kb8 29. Bc4 b5 30. Bxe6 Nxe6 31. Ke1 Rc8 32. Rxc8+ Rxc8 33. Qb1 Rc6 34. d5
Rc3 35. Ke2 Nf4+ 36. Kf2 Nxd5 37. Nf1 a6 38. Qe1 Rb3 39. Bc5 g4 40. Nd4 Ra3 41.
Nc2 Rf3+ 42. Kg2 Qc7 43. Qe4 Nf4+ 44. Kh1 Rxf1+ 45. Bg1 g3 46. Rh4 h5 47. Ne3
g2+ 48. Nxg2 Nxg2 49. Qxg2 Rd1 50. Rxh5 Kc8 51. Rh7 Rd7 52. Qg4 Qb7+ 53. Kh2 Kd8
54. Rh5 Rd2+ 55. Kh3 Qh1+ 56. Kg3 Qxg1+ 0-1

[Event "Not too sure about John Doe"]
[Site "http://www.queenalice.com/game.php?id=913373"]
[Date "2011.3.16"]
[Round "-"]
[White "lifes2short"]
[Black "Timinator"]
[Result "0-1"]
[WhiteElo "1510"]
[BlackElo "1466"]

1. d4 d5 2. e3 Nf6 3. c4 Bf5 4. Nc3 e6 5. Nf3 Bb4 6. Bd2 O-O 7. a3 Bxc3 8. Bxc3
Nbd7 9. Be2 Nb6 10. b3 Ne4 11. Bb2 Bg4 12. h3 Bxf3 13. gxf3 Nd6 14. c5 Nbc8 15.
cxd6 Nxd6 16. Qc2 g6 17. O-O-O c6 18. Kb1 f5 19. Rdg1 Qh4 20. Rh2 b6 21. Rg3
Rac8 22. Qd1 f4 23. Rg4 Qe7 24. h4 Nf5 25. Rxf4 c5 26. Rg4 c4 27. bxc4 dxc4 28.
Bc1 c3 29. Kc2 Qd7 30. h5 Qa4+ 31. Kd3 c2 32. Qd2 Qb3+ 33. Ke4 Nd6+ 34. Ke5 Qd5#
0-1

[Event "It's a Match"]
[Site "http://www.queenalice.com/game.php?id=928685"]
[Date "2011.4.21"]
[Round "-"]
[White "Timinator"]
[Black "lifes2short"]
[Result "0-1"]
[WhiteElo "1470"]
[BlackElo "1492"]

1. c4 d5 2. Nc3 dxc4 3. e4 Be6 4. d3 c6 5. dxc4 Qxd1+ 6. Nxd1 c5 7. Bf4 Nc6 8.
Nc3 f6 9. O-O-O Bf7 10. Nb5 e5 11. Nc7+ Ke7 12. Nxa8 exf4 13. Nc7 Bg6 14. Nd5+
Kf7 15. Bd3 Bd6 16. f3 Bb8 17. Ne2 Nge7 18. Nexf4 Nxd5 19. exd5 Bxf4+ 20. Kb1
Nb4 21. Bxg6+ hxg6 22. g3 Bd6 23. a3 Na6 24. f4 Nb8 25. h4 Nd7 26. Rhe1 Nb6 27.
b3 Rd8 28. Re4 Re8 29. Rde1 Rxe4 30. Rxe4 Nc8 31. g4 b6 32. f5 gxf5 33. gxf5 Ne7
34. Re3 Nxf5 35. Re6 Bg3 36. h5 Bb8 37. Kc2 Nd4+ 38. Kd3 Nxe6 39. dxe6+ Kxe6 40.
Ke4 f5+ 41. Kf3 Kf6 42. a4 Kg5 43. Ke3 Kxh5 44. Kd3 Kg4 45. Kc3 f4 46. b4 Be5+
47. Kb3 f3 48. a5 f2 49. axb6 axb6 50. bxc5 bxc5 51. Ka4 f1=Q 52. Kb5 Bd4 53.
Kc6 Qxc4 54. Kd7 Qf7+ 55. Kc6 c4 56. Kd6 Qf4+ 57. Kc6 c3 58. Kb5 c2 59. Kb4 c1=Q
60. Kb3 Qc3+ 61. Ka4 Be3+ 62. Kb5 Qfc4# 0-1

[Event "Happy 4th of July"]
[Site "http://www.queenalice.com/game.php?id=956502"]
[Date "2011.7.3"]
[Round "-"]
[White "lifes2short"]
[Black "Timinator"]
[Result "1-0"]
[WhiteElo "1520"]
[BlackElo "1431"]

1. e4 e5 2. d4 f6 3. dxe5 fxe5 4. f3 Nc6 5. c3 a6 6. Bd3 Bc5 7. Ne2 b5 8. a3 d5
9. b4 dxe4 10. Bxe4 Qf6 11. bxc5 Nge7 12. O-O O-O 13. Ra2 Be6 14. Rd2 Rfd8 15.
Rxd8+ Rxd8 16. Qc2 Nd5 17. Bxh7+ Kf7 18. g3 g6 19. f4 Bh3 20. Rf2 Rh8 21. Bxg6+
Qxg6 22. fxe5+ Kg7 23. Qd2 Be6 24. Nf4 Nxf4 25. Rxf4 Nxe5 26. Qd4 Qh5 27. Rh4
Qf5 28. Rf4 Qg6 29. Qxe5+ Kg8 30. Nd2 Rh5 31. Qxc7 Rh7 32. Qd8+ Kg7 33. Qf8# 1-0

[Event "They Canceled Our Last Game!"]
[Site "http://www.queenalice.com/game.php?id=1017892"]
[Date "2012.1.29"]
[Round "-"]
[White "GreatDarkSpot"]
[Black "lifes2short"]
[Result "0-1"]
[WhiteElo "1449"]
[BlackElo "1532"]

1. e4 e5 2. d3 d5 3. exd5 Qxd5 4. Nc3 Qd4 5. Be3 Qd7 6. d4 f6 7. g3 Nc6 8. dxe5
Nxe5 9. Nf3 Qc6 10. Bg2 Bg4 11. h3 Nxf3+ 12. Bxf3 Bxf3 0-1

[Event "QueenAlice crash redo."]
[Site "http://www.queenalice.com/game.php?id=1021843"]
[Date "2012.1.30"]
[Round "-"]
[White "lifes2short"]
[Black "Timinator"]
[Result "1-0"]
[WhiteElo "1572"]
[BlackElo "1405"]

1. d4 d5 2. e3 Bf5 3. g4 Be4 4. f3 Bg6 5. Ne2 Nc6 6. Nf4 Qd6 7. Nxg6 hxg6 8. h3
g5 9. Qe2 a6 10. c3 O-O-O 11. a3 g6 12. Nd2 f5 13. Nb3 Nf6 14. Rg1 fxg4 15. fxg4
Ne4 16. Qf3 Qh2 17. Rg2 Rxh3 18. Rxh2 Rxf3 19. Bd2 Nxd2 20. Nxd2 Rxe3+ 21. Kf2
Re6 22. Bg2 Rf6+ 23. Ke3 Rf4 24. Bf3 Kb8 25. Rg1 Bg7 26. Rh7 Bf8 27. Rh8 Bg7 28.
Rxd8+ Nxd8 29. Bxd5 e6 30. Be4 Nc6 31. Bxg6 e5 32. d5 Ne7 33. Be4 Ng6 34. Bxg6
Bf8 35. b4 b6 36. Ne4 Be7 37. a4 a5 38. bxa5 Kb7 39. Bf5 Ka6 40. axb6 cxb6 41.
Rb1 Ka5 42. Kd3 Bd8 43. Rb4 Be7 44. Rb5+ Kxa4 45. Rxb6 Ka5 46. Re6 Rf3+ 47. Ke2
Rh3 48. Rxe7 Rh2+ 49. Nf2 Kb5 50. Rxe5 Kc4 51. d6 Kxc3 52. d7 Kd4 53. Re8 Kc3
54. d8=Q Rg2 55. Qd3+ Kb2 56. Qc2+ Ka3 57. Rc8 Kb4 58. Rb8+ Ka3 59. Qb3# 1-0

[Event "what?"]
[Site "http://www.queenalice.com/game.php?id=1031790"]
[Date "2012.2.21"]
[Round "-"]
[White "champ"]
[Black "lifes2short"]
[Result "0-1"]
[WhiteElo "1239"]
[BlackElo "1569"]

1. d4 d5 2. e3 e6 3. c3 Nf6 4. Nf3 c5 5. Bb5+ Bd7 6. Bd3 Nc6 7. dxc5 Bxc5 8. Bb5
a6 9. Bd3 Qc7 10. Qd2 O-O-O 11. b3 e5 12. O-O e4 13. Be2 exf3 14. Bxf3 Rhe8 15.
a3 Ba7 16. Bb2 Bb8 17. h3 Qh2# 0-1

[Event "Kids are watching Dirty Jobs"]
[Site "http://www.queenalice.com/game.php?id=1043914"]
[Date "2012.3.29"]
[Round "-"]
[White "lifes2short"]
[Black "GreatDarkSpot"]
[Result "1-0"]
[WhiteElo "1558"]
[BlackElo "1445"]

1. e4 d5 2. e5 f6 3. d4 Be6 4. f4 Nc6 5. Nc3 h6 6. Nf3 g5 7. g3 Qd7 8. Bd3 O-O-O
9. a3 h5 10. Na4 Bg4 11. Nc5 Qe8 12. h3 Bxf3 13. Qxf3 Nxd4 14. Qf2 Nc6 15. O-O
Bg7 16. c3 fxe5 17. Bf5+ Kb8 18. Qc2 exf4 19. Bd2 Ka8 20. Rae1 Bf6 21. Bg6 Nd4
22. Qd3 Qc6 23. b4 h4 24. g4 Rh6 25. Bf7 Rf8 26. Bxg8 Rxg8 27. cxd4 Re8 28. Re6
Qxe6 29. Nxe6 Bh8 30. Nxc7+ Kb8 31. Nxe8 Ra6 32. Bc1 Ra4 33. Qc3 a5 34. Re1 axb4
35. Qb3 Bxd4+ 36. Kf1 f3 37. Qxa4 f2 38. Rxe7 b5 39. Qa7+ Kc8 40. Qc7# 1-0

[Event "Kids are watching Dirty Jobs"]
[Site "http://www.queenalice.com/game.php?id=1043915"]
[Date "2012.3.29"]
[Round "-"]
[White "lifes2short"]
[Black "GreatDarkSpot"]
[Result "1-0"]
[WhiteElo "1545"]
[BlackElo "1458"]

1. e4 e5 2. d4 c5 3. d5 d6 4. c4 f5 5. f3 f4 6. Nc3 g5 7. g4 h5 8. h3 hxg4 9.
fxg4 a6 10. Bd2 Nf6 11. Qf3 Bd7 12. O-O-O b5 13. b3 b4 14. Nb1 a5 15. a4 Na6 16.
Bd3 Be7 17. Be1 O-O 18. h4 Nxg4 19. Rd2 gxh4 20. Rg2 Bg5 21. Nh3 Nf2 22. Bxf2
Bxh3 23. Qxh3 f3+ 24. Kd1 fxg2 25. Qxg2 Kf7 26. Qg4 Qf6 27. Rf1 Qf4 28. Bxh4
Bxh4 29. Rxf4+ Ke8 30. Qh5+ Ke7 31. Qxh4+ Ke8 32. Qh5+ Kd7 33. Qh7+ Kc8 34.
Rxf8# 1-0

[Event "Fall Quarter at LWCC"]
[Site "http://www.queenalice.com/game.php?id=1110535"]
[Date "2012.10.8"]
[Round "-"]
[White "lifes2short"]
[Black "GreatDarkSpot"]
[Result "1-0"]
[WhiteElo "1581"]
[BlackElo "1434"]

1. d4 d5 2. e3 c5 3. c3 cxd4 4. cxd4 Nf6 5. Nc3 e6 6. Bd3 Bd6 7. Nge2 Nc6 8. Bd2
O-O 9. O-O a5 10. f3 b6 11. e4 Ba6 12. Bxa6 Rxa6 13. Nb5 Bb4 14. Bf4 h6 15. a3
Be7 16. Rc1 Na7 17. Nc7 g5 18. Be5 Nc6 19. Rxc6 Ra7 20. Qc2 Rb7 21. Rc1 Nd7 22.
Bg3 Nb8 23. Nxe6 Qd7 24. exd5 fxe6 25. Qg6+ Kh8 26. Be5+ Bf6 27. Bxf6+ Rxf6 28.
Qxf6+ Kh7 29. Rxe6 Qg7 30. Qf5+ Kh8 31. Rc8+ Qg8 32. Rxg8+ Kxg8 33. Re8+ Kg7 34.
Qe6 Rf7 35. Rxb8 Rf6 36. Qg8# 1-0

[Event "Engineering 101"]
[Site "http://www.queenalice.com/game.php?id=1136095"]
[Date "2013.1.1"]
[Round "-"]
[White "lifes2short"]
[Black "Timinator"]
[Result "1-0"]
[WhiteElo "1591"]
[BlackElo "1396"]

1. d4 d5 2. e3 Nf6 3. c4 e6 4. c5 b6 5. b4 Nbd7 6. Bb5 a5 7. c6 Bxb4+ 8. Bd2 Ba6
9. cxd7+ Nxd7 10. Ba4 b5 11. Bc2 g6 12. a3 Bd6 13. Bxa5 Nb6 14. Bxb6 cxb6 15.
Nf3 O-O 16. O-O b4 17. a4 Bxf1 18. Qxf1 Qc7 19. Bb3 Ra5 20. Nbd2 e5 21. Rc1 Qe7
22. g3 f6 23. h4 g5 24. Qh3 h6 25. Qf5 Qf7 26. Ne4 Bc7 27. Rc6 g4 28. Rxf6 Qg7
29. Qe6+ Rf7 30. Rg6 Kf8 31. Qc8+ Ke7 32. Re6# 1-0

[Event "Little bit of Summer let"]
[Site "http://www.queenalice.com/game.php?id=1206481"]
[Date "2013.8.9"]
[Round "-"]
[White "Timinator"]
[Black "lifes2short"]
[Result "0-1"]
[WhiteElo "1388"]
[BlackElo "1599"]

1. Nf3 d5 2. d4 f6 3. e3 e6 4. c4 c5 5. Bd3 b6 6. O-O Bd6 7. g3 Ne7 8. e4 e5 9.
Be3 Bg4 10. Nbd2 Nbc6 11. exd5 exd4 12. Bf4 Bxf4 13. gxf4 Nb4 14. Qb3 Qd6 15. a3
Qxf4 16. Be4 f5 17. Bb1 Na6 18. Re1 Bh3 19. Qa4+ Kf7 20. Nf1 Qxf3 21. Ng3 Qg2#
0-1

[Event "Waiting for Summer"]
[Site "http://www.queenalice.com/game.php?id=1277272"]
[Date "2014.4.29"]
[Round "-"]
[White "lifes2short"]
[Black "Timinator"]
[Result "0-1"]
[WhiteElo "1609"]
[BlackElo "1384"]

1. d4 d5 2. e3 g6 3. b3 Bg7 4. Bb2 Nf6 5. f3 Bf5 6. g4 Be6 7. h3 O-O 8. Ne2 c6
9. Rg1 g5 10. Nd2 Qd6 11. Rg2 c5 12. Ba3 Na6 13. c3 h5 14. Qc2 Rac8 15. c4 Nd7
16. Ng3 h4 17. Nh5 Nb4 18. Qb2 cxd4 19. Rc1 a5 20. Qa1 f6 21. Bb2 dxe3 22. Bd4
exd2+ 23. Kxd2 Nc6 24. c5 Qc7 25. a3 Nxd4 26. Qxd4 Nxc5 0-1

[Event "Cookin Summer"]
[Site "http://www.queenalice.com/game.php?id=1368937"]
[Date "2015.7.1"]
[Round "-"]
[White "Timinator"]
[Black "lifes2short"]
[Result "0-1"]
[WhiteElo "1409"]
[BlackElo "1584"]

1. Nf3 f6 2. g3 d6 3. h4 Bg4 4. Bh3 Qd7 5. Ng1 h5 6. Bg2 c5 7. f3 Qc6 8. e4 Be6
9. Ne2 Bf7 10. b3 e5 11. O-O g5 12. d3 gxh4 13. Bh3 hxg3 14. Nxg3 Ne7 15. Nf5
Rg8+ 16. Bg2 Nxf5 17. Qe2 Ng3 18. Qf2 h4 19. Re1 b6 20. f4 Nd7 21. Bh3 Nxe4+ 22.
Kf1 Nxf2 23. Kxf2 Rg3 24. Nd2 Rxh3 25. Ne4 O-O-O 26. Bb2 exf4 27. Rh1 Rxh1 28.
Rxh1 h3 29. Rxh3 Qd5 30. c4 Qf5 31. Rf3 Bh5 32. Ng3 fxg3+ 33. Kg2 Qxf3+ 34. Kh3
g2+ 35. Kh2 Bh6 36. d4 Rg8 37. dxc5 g1=Q# 0-1

[Event "Rusty 2017 theme is Assassins"]
[Site "http://www.queenalice.com/game.php?id=1406689"]
[Date "2016.1.29"]
[Round "-"]
[White "lifes2short"]
[Black "Timinator"]
[Result "1-0"]
[WhiteElo "1593"]
[BlackElo "1400"]

1. d4 d5 2. f4 Bf5 3. e3 Nc6 4. g4 Be4 5. Nf3 Qd7 6. h3 O-O-O 7. Nc3 Nb4 8. Rh2
h6 9. Nxe4 dxe4 10. Ne5 Qe6 11. b3 f5 12. Bc4 Qf6 13. h4 e6 14. a3 Nd5 15. Qd2
Bd6 16. Qa5 a6 17. Bd2 Bxe5 18. dxe5 Qe7 19. O-O-O fxg4 20. Rg1 h5 21. Bb4 Nxb4
22. axb4 Nh6 23. b5 Nf5 24. bxa6 g3 25. Rd2 Rxd2 26. Kxd2 Rd8+ 27. Kc1 Nxe3 28.
Be2 Rd5 29. Qa4 Qd7 30. Qxd7+ Rxd7 31. a7 Rd8 32. a8=Q+ Kd7 33. Qxb7 Nd5 34.
Rxg3 Rg8 35. Bxh5 e3 36. Bf7 e2 37. Kd2 Nxf4 38. Bxg8 g6 39. Qe4 g5 40. hxg5 Nd5
41. Kxe2 Nc3+ 42. Rxc3 1-0

[Event "Pokemon"]
[Site "http://www.queenalice.com/game.php?id=1433382"]
[Date "2016.7.27"]
[Round "-"]
[White "Timinator"]
[Black "lifes2short"]
[Result "0-1"]
[WhiteElo "1392"]
[BlackElo "1601"]

1. e4 e5 2. Bc4 Nh6 3. Nf3 f6 4. O-O c6 5. d4 d5 6. dxe5 dxc4 7. Bxh6 gxh6 8.
Qxd8+ Kxd8 9. exf6 Be6 10. Ne5 Kc7 11. Nc3 Bd6 12. f4 Nd7 13. f7 Rhf8 14. f5
Bxf7 15. Ng4 Bh5 16. h3 Ne5 17. a3 Nxg4 18. Rae1 Ne5 19. f6 Rf7 20. Rf2 Re8 21.
Ne2 Bxe2 22. Rexe2 Re6 23. Rf5 Rfxf6 24. Rh5 Nd7 25. g4 Rf3 26. Kg2 Rf4 27. Rf5
Rfxe4 28. Ref2 Bc5 29. R2f3 Re2+ 30. Kg3 Rxc2 31. h4 Bd6+ 32. Kh3 Rh2# 0-1